000 00505nam a22001577a 4500
005 20251108174758.0
008 250721s2001 xx 000 0 ara d
082 1 4 _a362.6/باو
100 1 _aباول، دوغلاس
245 1 0 _aتسع خرافات عن الشخوخة أداء أمثل مع تقدم العمر /
264 1 _aالرياض :
_bمكتبة العبيكان،
_c2001.
300 _a317ص.
700 1 _aالنابلسي، هالة
_eمترجم
942 _2ddc
_cBK
999 _c117798
_d117798